1982 UNCLOS: Perspectives from the Indian Ocean/ (Record no. 211774)

MARC details
000 -LEADER
fixed length control field 00710nam a22002057a 4500
005 - DATE AND TIME OF LATEST TRANSACTION
control field 20250612152624.0
010 ## - LCCN (DPL NO)
LC control number ENG-145318
020 ## - INTERNATIONAL STANDARD BOOK NUMBER
International Standard Book Number 9789390917082
Terms of availability 850.00
035 ## - SYSTEM CONTROL NUMBER
System control number EN-128850
037 ## - SOURCE OF ACQUISITION
Source of stock number/acquisition DBAD
082 ## - DEWEY DECIMAL CLASSIFICATION NUMBER
Classification number 355.0330824
245 ## - TITLE STATEMENT
Title 1982 UNCLOS: Perspectives from the Indian Ocean/
Statement of responsibility, etc Edited by Nutan Kapoor Mahawar; Vijay Sajhuja [and] Pragya Pandey
260 ## - PUBLICATION, DISTRIBUTION, ETC. (IMPRINT)
Place of publication, distribution, etc New Delhi
Name of publisher, distributor, etc Vij Books India Pvt Ltd
Date of publication, distribution, etc 2016
270 ## - ADDRESS
Address 2/19,Ansari Road Delhi-110002
300 ## - PHYSICAL DESCRIPTION
Extent xix,254p.
Dimensions 24cm. (Hb)
700 ## - ADDED ENTRY--PERSONAL NAME
Personal name Mahawar, Nutan Kapoor
Relator term Editor
9 (RLIN) 81959
700 ## - ADDED ENTRY--PERSONAL NAME
Personal name Sajhuja, Vijay
Relator term Editor
9 (RLIN) 81960
700 ## - ADDED ENTRY--PERSONAL NAME
Personal name Pandey, Pragya
Relator term Editor
9 (RLIN) 81961
942 ## - ADDED ENTRY ELEMENTS (KOHA)
Source of classification or shelving scheme Dewey Decimal Classification
Item type English Books
Classification part 355.0330824
Call number suffix UNC
Holdings
Withdrawn status Lost status Not for loan Collection code Home library Current library Date acquired Source of acquisition Cost, normal purchase price Full call number Barcode Copy number Cost, replacement price Koha item type
    Not For Loan Non-fiction Patel Nagar Patel Nagar 12/06/2025 Delivery of Books Act Division 850.00 355.0330824 UNC EN-128850 1 850.00 English Books

© Delhi Public Library
Hit Counter
free hit counter